Geohorizon : (Record no. 5947)

MARC details
000 -LEADER
fixed length control field 00601nac a22001811u 4500
020 ## - INTERNATIONAL STANDARD BOOK NUMBER
International Standard Book Number 9054107731
082 ## - DEWEY DECIMAL CLASSIFICATION NUMBER
Classification number 624.153
Item number SAR
090 ## - LOCALLY ASSIGNED LC-TYPE CALL NUMBER (OCLC); LOCAL CALL NUMBER (OCLC)
-- 5947
-- 5947
100 ## - MAIN ENTRY--PERSONAL NAME
Personal name 20080729
245 ## - TITLE STATEMENT
Title Geohorizon :
Remainder of title state of art in geosynthetics technology /
Statement of responsibility, etc edited by Som S. Sarkar.
260 ## - PUBLICATION, DISTRIBUTION, ETC. (IMPRINT)
Place of publication, distribution, etc Rotterdam :
Name of publisher, distributor, etc Balkema, 1998.
Date of publication, distribution, etc 1998
300 ## - PHYSICAL DESCRIPTION
Extent x,321p. :
Other physical details ill. ;
Dimensions 29cm.
500 ## - GENERAL NOTE
General note distributer: Al-Ahram
504 ## - BIBLIOGRAPHY, ETC. NOTE
Bibliography, etc Includes bibliographical references.
511 ## - PARTICIPANT OR PERFORMER NOTE
Participant or performer note catalogued by: wessam
700 ## - ADDED ENTRY--PERSONAL NAME
Personal name Sarkar, Som S.
942 ## - ADDED ENTRY ELEMENTS (KOHA)
Item type Book - Borrowing
Call number prefix 624.153 SAR
Holdings
Withdrawn status Item status Damaged status Not for loan Home library Current library Shelving location Date acquired Source of acquisition Total Checkouts Full call number Barcode Date last seen Koha item type
        Central Library Central Library First floor 08/11/2007 Purchase   624.153 SAR 000007144 15/07/2025 Book - Borrowing